Big 10 College Towns - Statistics

General Stats
  • This quiz has been taken 21 times
  • The average score is 17 of 20
Answer Stats
Hint Answer % Correct
Full Member Michigan Ann Arbor
100%
Full Member Ohio St. Columbus
95%
Full Member Michigan St. East Lansing
95%
Full Member Nebraska Lincoln
95%
Full Member UCLA Los Angeles
95%
Full Member USC Los Angeles
95%
Full Member Wisconsin Madison
95%
Affiliate Member Notre Dame Notre Dame
90%
Full Member Indiana Bloomington
86%
Full Member Illinois Champaign
86%
Full Member Maryland College Park
86%
Full Member Oregon Eugene
86%
Full Member Washington Seattle
86%
Full Member Purdue West Lafayette
86%
Full Member Minnesota Minneapolis-St Paul
81%
Full Member Northwestern Evanston
76%
Full Member Iowa Iowa City
76%
Affiliate Member John Hopkins Baltimore
71%
Full Member Rutgers New Brunswick
67%
Full Member Penn St. University Park
43%
No matching quizzes found
Score Distribution
Percent of People with Each Score
Percentile by Number Answered
Your Score History
You have not taken this quiz